| 000 | 00930nam a2200241 a 4500 | ||
|---|---|---|---|
| 001 | 13019 | ||
| 003 | BD-JhCC | ||
| 005 | 20230613203453.0 | ||
| 008 | 230613s2022 bg |||| |||| 000 0 ben d | ||
| 020 | _a9789849371076 | ||
| 035 | _a(BD-JhCC)13019 | ||
| 040 |
_aBD-JhCC _dBD-JhCC |
||
| 041 | _aben | ||
| 082 |
_a291 _bHOS 2022 |
||
| 100 | _aহোসেন, ড. মোহাম্মদ বেলাল | ||
| 245 |
_aতুলনামূলক ধর্ম / _cড. মোহাম্মদ বেলাল হোসেন |
||
| 260 |
_aঢাকা : _bবাংলাদেশ ইসলামিক ল’রিসার্চ এন্ড লিগ্যাল এইড সেন্টার, _c২০২২ |
||
| 300 |
_a৭০৮ পৃ. : _c২৪ সেমি. |
||
| 504 | _aগ্রন্থপঞ্জি অর্ন্তভূক্ত। | ||
| 650 | _aReligion | ||
| 650 | _aSymbolism | ||
| 942 |
_2ddc _cREF |
||
| 999 |
_c13019 _d13019 |
||